01299nam a2200301Ia 450000500170000000800410001702000340005802000300009202000300012202000300015208200180018224501280020025000180032830000380034650000220038450502320040665000430063865000470068165000420072865000470077094200120081726400300082933600270085933700330088633800280091904000350094799900150098220220317001525.0161108s2014 sp a g 000 0 s  a9788449448072 (Obra completa) a9788449448089 (volumen 1) a9788449448096 (volumen 2) a9788449448102 (volumen 3)04aR 001.94bG7100aGrandes enigmas de la humanidadcequipo de redacción Marián Benito, Iván Carballido, Lidia García-Merás [y otros] a1a. edición a3 volumenesbilustracionesc29 cm aIncluye índice  avolúmen.1. Donde habita el silencio. Voces del pasado. La condición humana -- volúmen.2. Creaciones insólitas. Sendas misteriosas. A ciencia incierta -- volúmen.3. El imaginario colectivo. En el límite de la verdad142LEMBaHistoriavCuriosidades y enigmas142LEMBaArquitecturavCuriosidades y enigmas142LEMBaCienciavCuriosidades y enigmas142LEMBaCosmologíavCuriosidades y enigmas 2ddccBK aBarcelonabOcéanoc2014 atextobtxt2rdacontent asin mediaciónbn2rdamedia avolumenbnc2rdacarrier aCO-BoRNBPbspaerdacCO-BoRNBP c7242d7242